Statistics for History Quiz: A, B, C or All of the Above

Click here to take the quiz!

General Stats

  • This quiz has been taken 52 times
    (29 since last reset)
  • The average score is 6 of 15

Answer Stats

QuestionAnswer% Correct
Which of these modern countries was not part of Yugoslavia?B. Moldova
68%
Which of these African kingdoms did not belong to a Bantu ethnic group?B. Merina Kingdom
52%
Which of these figures was alive during the 5th Century BC?D. All of the above
52%
Which plague killed over 20 million people (by estimation)?B. Plague of Justinian
48%
Which of these figures was a samurai?D. All of the above
48%
Which of these capital cities wasn't founded until after 1900?A. Brasília
40%
Which of these ships didn't sink?B. HMS Victory
40%
Which of these Celtic leaders did Julius Caesar defeat?C. Vercingetorix
40%
Charlie Chaplin was alive for the full duration of which of these wars?D. All of the above
40%
Which of these has never been the capital of a Chinese dynasty?C. Shanghai
36%
Which of these Australian marsupials is extinct?A. Lesser Bilby
28%
Which of these civilisations was thalassocratic?D. All of the above
24%
Which civilisation never had control or influence over the city of Tikal?C. Aztecs
20%
Which of these empires was never Islamic?A. Turkic Khaganate
12%
Which of these capital cities was destroyed by Genghis Khan?C. Tashkent
12%

Score Distribution

Percentile by Number Answered

Percent of People with Each Score

Your Score History

You have not taken this quiz since the last reset